000 00298 a2200109 4500
005 20260101120341.0
020 _a9789048123827
100 _aGhosh T.K.
_9216132
245 _aEnergy Resources And Systems: Volume 1: Fundamentals And Non-Renewable Resources
260 _bSpringer
_c2009
942 _cAR
999 _c369658
_d369658